|
|
|
|
| LEADER |
01717nam a2200349 a 4500 |
| 001 |
15687950 |
| 003 |
BD-DhAAL |
| 005 |
20250323121131.0 |
| 008 |
090721s2008 bg ab bs 000 0 eng d |
| 010 |
|
|
|a 2009341819
|
| 040 |
|
|
|a DLC
|c DLC
|d DLC
|d BD-DhAAL
|
| 082 |
0 |
0 |
|a 362.5/095492
|2 22
|
| 100 |
1 |
|
|a Narayan, Ambar.
|9 37368
|
| 245 |
1 |
0 |
|a Poverty assessment for Bangaldesh :
|b creating opportunities and bridging the East-West divide /
|c [written by Ambar Narayan and Hassan Zaman].
|
| 260 |
|
|
|a Dhaka :
|b World Bank Office ;
|a Washington DC :
|b World Bank,
|c 2008.
|
| 300 |
|
|
|a xxv, 154 pages :
|b ill. (some col.), maps ;
|c 29 cm.
|
| 490 |
0 |
|
|a Bangladesh development series ;
|v paper no. 26
|
| 490 |
0 |
|
|a Document of the World Bank
|
| 500 |
|
|
|a "Poverty Reduction, Economic Management, Finance & Private Sector Development Sector Unit South Asia Region."
|
| 500 |
|
|
|a Includes statistical tables.
|
| 504 |
|
|
|a Includes bibliographical references (p. 105-110).
|
| 526 |
|
|
|x Salim khan
Sr. program Associate
James P. Grant School.
Course name and no. N/A
|
| 541 |
1 |
|
|a A H Development publishing house
|e 00018487
|
| 650 |
|
0 |
|a Poverty
|z Bangladesh.
|
| 650 |
|
0 |
|a Poverty
|z Bangladesh
|v Statistics.
|9 57995
|
| 700 |
1 |
|
|a Zaman, Hassan.
|9 37371
|
| 710 |
2 |
|
|a World Bank.
|b Bangladesh Dhaka Office.
|
| 710 |
2 |
|
|a World Bank.
|
| 852 |
4 |
|
|a School of Public Health
|j General Shelf.
|
| 942 |
|
|
|2 ddc
|c BK
|
| 999 |
|
|
|c 2658
|d 2658
|
| 952 |
|
|
|0 0
|1 0
|2 ddc
|4 0
|6 362_509549200000000_NAR
|7 0
|9 2443
|a JPGSPH
|b JPGSPH
|d 2009-04-29
|e A H Development Publishing House.
|g 7800.00
|l 0
|o 362.5095492 NAR
|p 3060018487
|r 2009-07-22
|t 1
|w 2009-07-22
|y BK
|x Requisitioned by Salim khan, Sr. program Associate, James P. Grant School. Course name and no. N/A
|